000 00307nam a2200145Ia 4500
100 _aKhangaonkar/P.R. Dr
490 _vI
942 _cBK
654 _aMetallurgy
245 _aPhysical Metallurgy
260 _bPune vidyarthi griha
_aPune
_c1985
082 _a669.9
300 _a231
546 _aENGLISH
999 _c27034
_d27034